000 00657cab a2200241 4500
001 WB2635-30
008 090401t1990 xxu||||| |||| 00| 0 eng d
035 _a(Sirsi) u57394
041 _aeng
245 _aGolf course boom
260 _c1990
350 _a0
490 _aTimes
_v4/9/90 p2
520 _aReports on the growing trend amongst farmers to develop golf courses on their land and highlights some of the potential pitfalls.
650 _aALTERNATIVE ENTERPRISES
650 _aDEVELOPMENT
650 _aDIVERSIFICATION
650 _aFARMLAND
650 _aLEISURE
690 _aRURAL PRACTICE
942 _n0
948 _c04/03/1997
999 _c34990
_d34990